Tube Map Stations with 'Road' in them - Statistics

General Stats
  • This quiz has been taken 60 times
  • The average score is 11 of 32
Answer Stats
Answer % Correct
Caledonian Road
83%
Tottenham Court Road
83%
Edgware Road
78%
Holloway Road
76%
Blackhorse Road
70%
Finchley Road
70%
Gloucester Road
67%
Latimer Road
57%
Camden Road
54%
Bow Road
52%
Kilburn High Road
39%
Abbey Road
37%
Caledonian Road & Barnsbury
28%
Goldhawk Road
28%
Preston Road
28%
Finchley Road & Frognal
24%
Wandsworth Road
24%
Elverson Road
22%
Morden Road
22%
Leytonstone High Road
20%
Dundonald Road
17%
Leyton Midland Road
17%
Queens Road Peckham
17%
Rectory Road
17%
Avenue Road
15%
Beckenham Road
15%
Devons Road
15%
Walthamstow Queen's Road
15%
Lebanon Road
13%
Harrington Road
11%
Haydons Road
9%
Wellesley Road
7%
No matching quizzes found
Score Distribution
Percent of People with Each Score
Percentile by Number Answered
Your Score History
You have not taken this quiz